[Event "First Lady's Cup"]
[Site "Surakarta/Denpasar INA"]
[Date "1982.02.27"]
[Round "15"]
[White "Gheorghiu, Florin"]
[Black "Ribli, Zoltan"]
[Result "1/2-1/2"]
[WhiteElo "2550"]
[BlackElo "2590"]
[EventDate "1982.02.10"]
[PlyCount "34"]

1.Nf3 Nf6 2.c4 e6 3.g3 b6 4.Bg2 Bb7 5.d4 Be7 6.O-O O-O 7.Nc3 Ne4 8.Nxe4 
Bxe4 9.Ne1 Bxg2 10.Nxg2 d5 11.Qa4 dxc4 12.Qxc4 c5 13.Be3 cxd4 14.Bxd4 Qc8 
15.Rac1 Qxc4 16.Rxc4 Rd8 17.Rfc1 Na6 1/2-1/2

[Event "First Lady's Cup"]
[Site "Surakarta/Denpasar INA"]
[Date "1982.02.27"]
[Round "15"]
[White "Csom, Istvan"]
[Black "Spasov, Luben"]
[Result "1/2-1/2"]
[WhiteElo "2505"]
[BlackElo "2410"]
[EventDate "1982.02.10"]
[PlyCount "168"]

1.c4 Nf6 2.g3 e6 3.b3 d5 4.Nf3 Be7 5.Bb2 O-O 6.Bg2 c5 7.O-O Nc6 8.e3 b6 9.
Nc3 Bb7 10.cxd5 Nxd5 11.Nxd5 Qxd5 12.d4 Na5 13.Ba3 Rfd8 14.Re1 Qh5 15.Qe2 
Be4 16.Rac1 Rac8 17.Nd2 Qxe2 18.Rxe2 Bxg2 19.Kxg2 Kf8 20.dxc5 Bxc5 21.
Bxc5+ Rxc5 22.Rxc5 bxc5 23.Ne4 c4 24.b4 Nc6 25.Rc2 Nxb4 26.Rxc4 Nxa2 27.
Ra4 Nc1 28.Rxa7 h6 29.g4 Nd3 30.h3 Ne5 31.Rc7 Kg8 32.f4 Ng6 33.Kf2 Kf8 34.
Rb7 Kg8 35.Ke2 Nh4 36.Nc5 Ng6 37.Nd3 Ra8 38.Kf3 Re8 39.Ra7 Rd8 40.Kg3 Re8 
41.h4 Ne7 42.h5 Nc6 43.Rb7 Na5 44.Ra7 Nc6 45.Ra3 Rd8 46.Nc5 Rc8 47.Ne4 Rb8
48.Kf3 Ne7 49.Ra7 Nd5 50.Nd6 f6 51.Rd7 Rb3 52.f5 Kh7 53.fxe6 Rxe3+ 54.Kf2 
Rxe6 55.Nf5 Nc3 56.Nxg7 Re2+ 57.Kf3 Re1 58.Nf5+ Kh8 59.Nxh6 Rf1+ 60.Ke3 
Re1+ 61.Kf2 Rd1 62.Ra7 Rd3 63.Nf5 Ne4+ 64.Kg2 Rd2+ 65.Kf3 Ng5+ 66.Ke3 Rg2 
67.Ra4 Rg1 68.Kf2 Nh3+ 69.Ke2 Ng5 70.Ne3 Kh7 71.Nd5 Kg7 72.Ra7+ Nf7 73.Ne3
Kg8 74.Ra6 Ne5 75.Rxf6 Kh7 76.Rf4 Kh6 77.Kf2 Nd3+ 78.Kf3 Nxf4 79.Kxf4 Rh1 
80.Nf5+ Kh7 81.Ng3 Ra1 82.g5 Kg7 83.Kf5 Ra5+ 84.Ke6 Rxg5 1/2-1/2

[Event "First Lady's Cup"]
[Site "Surakarta/Denpasar INA"]
[Date "1982.02.27"]
[Round "15"]
[White "Gunawan, Ronny"]
[Black "Suradiradja, Herman"]
[Result "1/2-1/2"]
[WhiteElo "2345"]
[BlackElo "2380"]
[EventDate "1982.02.10"]
[PlyCount "113"]

1.d4 Nf6 2.c4 g6 3.Nc3 Bg7 4.e4 d6 5.f3 a6 6.Be3 c6 7.a4 a5 8.Bd3 Na6 9.
Rc1 e5 10.Nge2 O-O 11.O-O Qe7 12.Kh1 Nd7 13.Bb1 exd4 14.Bxd4 Ne5 15.f4 Ng4
16.Bxg7 Kxg7 17.h3 Nh6 18.Qd4+ f6 19.Rcd1 Nf7 20.Ng1 Nc5 21.Nf3 Re8 22.Bc2
Ra6 23.b3 Ne6 24.Qd2 Nc5 25.g4 Ra8 26.Rg1 Bd7 27.Kh2 g5 28.Rgf1 h5 29.e5 
hxg4 30.exf6+ Qxf6 31.fxg5 Qe6 32.Qd4+ Ne5 33.Nxe5 Qxe5+ 34.Qxe5+ Rxe5 35.
Rxd6 Be6 36.hxg4 Rh8+ 37.Kg2 Rxg5 38.Bf5 Bxf5 39.Rxf5 Rxg4+ 40.Kf3 Rg6 41.
Rxg6+ Kxg6 42.Rxc5 Rh3+ 43.Ke4 Rxc3 44.Rxa5 Rxb3 45.Ke5 Rc3 46.Rc5 Ra3 47.
a5 Ra4 48.Ke6 Kg7 49.Kd7 Kf7 50.Kc7 Ke6 51.Kxb7 Kd7 52.Rxc6 Rxa5 53.Rh6 
Rc5 54.Rh4 Rc7+ 55.Kb6 Rc6+ 56.Kb5 Rg6 57.c5 1/2-1/2

[Event "First Lady's Cup"]
[Site "Surakarta/Denpasar INA"]
[Date "1982.02.27"]
[Round "15"]
[White "Henley, Ronald Watson"]
[Black "Maninang, Jesus Rafael"]
[Result "1-0"]
[WhiteElo "2460"]
[BlackElo "2385"]
[EventDate "1982.02.10"]
[PlyCount "51"]

1.d4 Nf6 2.c4 e6 3.Nf3 b6 4.a3 c5 5.d5 Ba6 6.Qc2 exd5 7.cxd5 Bb7 8.e4 Qe7 
9.Bd3 Nxd5 10.O-O Nc7 11.Bg5 f6 12.Bh4 Nc6 13.Nc3 O-O-O 14.Rfe1 g5 15.Nd5 
Qg7 16.Bg3 d6 17.b4 Ne5 18.a4 h5 19.Bxe5 dxe5 20.a5 Nxd5 21.exd5 Kb8 22.
axb6 axb6 23.Be4 cxb4 24.Qa4 Bc5 25.Rec1 Qc7 26.d6 1-0

[Event "First Lady's Cup"]
[Site "Surakarta/Denpasar INA"]
[Date "1982.02.27"]
[Round "15"]
[White "Kurajica, Bojan"]
[Black "Ardiansyah"]
[Result "1/2-1/2"]
[WhiteElo "2510"]
[BlackElo "2395"]
[EventDate "1982.02.10"]
[PlyCount "51"]

1.d4 Nf6 2.Nf3 g6 3.Bf4 d6 4.h3 Bg7 5.e3 O-O 6.Nbd2 c6 7.Be2 Nbd7 8.O-O b5
9.a4 b4 10.a5 c5 11.Bh2 Bb7 12.c3 bxc3 13.bxc3 Nd5 14.Ra3 Rc8 15.Bc4 N5f6 
16.Qe2 Qc7 17.Bd3 Rfe8 18.a6 Bxf3 19.Qxf3 Rb8 20.Nc4 Nb6 21.Na5 Nbd5 22.
Bc4 cxd4 23.cxd4 Nb4 24.e4 e5 25.Rc1 Qb6 26.Nb7 1/2-1/2

[Event "First Lady's Cup"]
[Site "Surakarta/Denpasar INA"]
[Date "1982.02.28"]
[Round "16"]
[White "Hort, Vlastimil"]
[Black "Hulak, Krunoslav"]
[Result "0-1"]
[WhiteElo "2590"]
[BlackElo "2490"]
[EventDate "1982.02.10"]
[PlyCount "100"]

1.d4 Nf6 2.c4 c5 3.d5 e6 4.Nc3 exd5 5.cxd5 d6 6.e4 g6 7.f4 Bg7 8.Bb5+ Nfd7
9.a4 Qh4+ 10.g3 Qe7 11.Qf3 Na6 12.Nge2 Nb4 13.O-O O-O 14.g4 Nc2 15.Ra2 Nd4
16.Qg2 Nxb5 17.axb5 Re8 18.g5 f5 19.exf5 gxf5 20.b3 Nb6 21.Bd2 Bd7 22.h4 
Qf7 23.Ng3 Re7 24.Rd1 h6 25.Kh1 Bd4 26.Re1 Rxe1+ 27.Bxe1 hxg5 28.fxg5 Re8 
29.Re2 Re5 30.Qf3 Kf8 31.Bd2 Bxc3 32.Bxc3 Rxe2 33.Nxe2 Qxd5 34.Kg2 Qxf3+ 
35.Kxf3 Nd5 36.Ba1 Bxb5 37.Nf4 Bc6 38.Nxd5 Bxd5+ 39.Kf4 Bxb3 40.g6 Bd1 41.
Kg5 d5 42.Be5 Kg8 43.h5 Bxh5 44.Kxf5 d4 45.g7 a5 46.Ke4 a4 47.Kd3 a3 48.
Kc2 Bf7 49.Kc1 Kh7 50.Bd6 a2 0-1

[Event "First Lady's Cup"]
[Site "Surakarta/Denpasar INA"]
[Date "1982.02.28"]
[Round "16"]
[White "Chandler, Murray Graham"]
[Black "Christiansen, Larry"]
[Result "1-0"]
[WhiteElo "2470"]
[BlackElo "2585"]
[EventDate "1982.02.10"]
[PlyCount "73"]

1.e4 c5 2.Nf3 d6 3.d4 cxd4 4.Nxd4 Nf6 5.Nc3 e6 6.g4 h6 7.h4 Nc6 8.Rg1 h5 
9.g5 Ng4 10.Be2 g6 11.Nxc6 bxc6 12.b3 Qb6 13.Bxg4 hxg4 14.Qxg4 Bg7 15.Bb2 
Qc5 16.Qf3 Rxh4 17.O-O-O Bb7 18.Qg3 Bxc3 19.Qxh4 Bxb2+ 20.Kxb2 Qe5+ 21.Kb1
O-O-O 22.Qg3 Qxg3 23.Rxg3 Kc7 24.e5 d5 25.Rf3 Rf8 26.Rh1 Kd7 27.Rh7 Ke7 
28.Rc3 Rc8 29.Rc5 Rd8 30.Kc1 d4 31.Kd2 Rd5 32.b4 a5 33.Rxa5 Rxa5 34.bxa5 
c5 35.Rh8 Kd7 36.Rb8 Kc6 37.Rxb7 1-0

[Event "First Lady's Cup"]
[Site "Surakarta/Denpasar INA"]
[Date "1982.02.28"]
[Round "16"]
[White "Bachtiar, Arovah"]
[Black "Miles, Anthony John"]
[Result "0-1"]
[WhiteElo "2360"]
[BlackElo "2575"]
[EventDate "1982.02.10"]
[PlyCount "80"]

1.d4 Nf6 2.c4 c5 3.Nf3 cxd4 4.Nxd4 a6 5.Nc3 e6 6.e3 Bb4 7.Qc2 O-O 8.Be2 
Qc7 9.Bd2 b6 10.O-O Be7 11.Bf3 Bb7 12.Ne4 Nc6 13.Nxc6 Bxc6 14.Nxf6+ Bxf6 
15.Bxc6 Qxc6 16.Rac1 Rfc8 17.b3 Rc7 18.Qd3 Rac8 19.e4 Be5 20.Be3 Qb7 21.f4
Bb2 22.Rb1 Bf6 23.e5 Be7 24.f5 Bf8 25.f6 g6 26.Rbd1 b5 27.c5 Bxc5 28.Bxc5 
Rxc5 29.Qe3 Kh8 30.Rf3 Rd5 31.Re1 Qc7 32.Qh6 Qc5+ 33.Kf1 Qf8 34.Qe3 Rc2 
35.Rf2 Rxf2+ 36.Kxf2 h6 37.Rc1 Kh7 38.Rc7 Qb4 39.Rc2 Qh4+ 40.Qg3 Qd4+ 0-1

[Event "First Lady's Cup"]
[Site "Surakarta/Denpasar INA"]
[Date "1982.02.28"]
[Round "16"]
[White "Sosonko, Gennadi"]
[Black "Radulov, Ivan"]
[Result "1/2-1/2"]
[WhiteElo "2580"]
[BlackElo "2505"]
[EventDate "1982.02.10"]
[PlyCount "46"]

1.c4 e6 2.d4 d5 3.Nf3 dxc4 4.e4 c5 5.Bxc4 cxd4 6.Nxd4 Bc5 7.Be3 Nc6 8.Bb5 
Bxd4 9.Bxd4 Nf6 10.Nc3 O-O 11.Bc5 Re8 12.O-O Bd7 13.Re1 b6 14.Be3 a6 15.
Bf1 b5 16.Bg5 b4 17.Ne2 Ra7 18.Rc1 h6 19.Be3 Ra8 20.f3 Qb8 21.Rc5 Qb7 22.
Qd2 e5 23.Nc1 Be6 1/2-1/2

[Event "First Lady's Cup"]
[Site "Surakarta/Denpasar INA"]
[Date "1982.02.28"]
[Round "16"]
[White "Keene, Raymond Dennis"]
[Black "Sampouw, Jacobus Sawandar"]
[Result "1/2-1/2"]
[WhiteElo "2505"]
[BlackElo "2305"]
[EventDate "1982.02.10"]
[PlyCount "74"]

1.d4 Nf6 2.c4 e6 3.Nc3 Bb4 4.Bg5 d5 5.cxd5 exd5 6.Nf3 c6 7.Qc2 Nbd7 8.e3 
h6 9.Bh4 g5 10.Bg3 Ne4 11.Nd2 Ndf6 12.Bd3 Nxg3 13.hxg3 Ng4 14.Nf3 Qe7 15.
O-O Be6 16.e4 dxe4 17.Bxe4 Nf6 18.Bf5 Bxf5 19.Qxf5 O-O 20.Rfe1 Qd8 21.Ne4 
Nxe4 22.Rxe4 Be7 23.Ne5 Qd6 24.Rae1 Kg7 25.Nc4 Qf6 26.Qd7 Bb4 27.R1e3 Rab8
28.a3 Rfd8 29.Qh3 Bd6 30.Re2 Bf8 31.Ne5 Qe6 32.Ng4 Qg6 33.Ne5 Qe6 34.Qh5 
f5 35.R4e3 Rxd4 36.Nxc6 Qxc6 37.Re7+ Bxe7 1/2-1/2

[Event "First Lady's Cup"]
[Site "Surakarta/Denpasar INA"]
[Date "1982.02.28"]
[Round "16"]
[White "Suttles, Duncan"]
[Black "Gheorghiu, Florin"]
[Result "1/2-1/2"]
[WhiteElo "2475"]
[BlackElo "2550"]
[EventDate "1982.02.10"]
[PlyCount "28"]

1.g3 c5 2.c4 g6 3.Nc3 Bg7 4.Bg2 Nc6 5.a3 d6 6.d3 e6 7.Bd2 Nge7 8.h4 h6 9.
Nh3 Qd7 10.Rb1 b6 11.e4 h5 12.f4 Bb7 13.b4 Nd4 14.O-O Rd8 1/2-1/2

[Event "First Lady's Cup"]
[Site "Surakarta/Denpasar INA"]
[Date "1982.02.28"]
[Round "16"]
[White "Ardiansyah"]
[Black "Henley, Ronald Watson"]
[Result "1-0"]
[WhiteElo "2395"]
[BlackElo "2460"]
[EventDate "1982.02.10"]
[PlyCount "83"]

1.d4 Nf6 2.c4 e6 3.Nc3 Bb4 4.e3 c5 5.Bd3 Nc6 6.Nf3 Bxc3+ 7.bxc3 d6 8.O-O 
e5 9.d5 Ne7 10.Qc2 O-O 11.Nd2 g6 12.f4 Ng4 13.Nf3 exf4 14.exf4 Nf5 15.Re1 
Ng7 16.h3 Nh6 17.Qf2 f6 18.Bd2 Bd7 19.Re2 Re8 20.Rxe8+ Nxe8 21.Re1 Ng7 22.
f5 Bxf5 23.Bxf5 Nhxf5 24.g4 Ne7 25.Bh6 Qf8 26.Qe2 Nc8 27.Nd2 Nb6 28.Qe7 
Qf7 29.Qxd6 Ne8 30.Qxc5 Rc8 31.Qd4 g5 32.h4 gxh4 33.Re6 Qc7 34.d6 Qf7 35.
Re7 Qg6 36.d7 Nxd7 37.Qxd7 Ra8 38.Qe6+ Kh8 39.g5 Rd8 40.Rf7 Nc7 41.Rxc7 
Rg8 42.Rc8 1-0

[Event "First Lady's Cup"]
[Site "Surakarta/Denpasar INA"]
[Date "1982.02.28"]
[Round "16"]
[White "Handoko, Edhi"]
[Black "Rodriguez Vargas, Orestes"]
[Result "0-1"]
[WhiteElo "2370"]
[BlackElo "2430"]
[EventDate "1982.02.10"]
[PlyCount "76"]

1.e4 c5 2.c3 Nf6 3.e5 Nd5 4.d4 cxd4 5.Qxd4 e6 6.Nf3 Nc6 7.Qe4 d6 8.Bc4 
dxe5 9.Nxe5 Nxe5 10.Qxe5 Qd6 11.Bb5+ Bd7 12.Bxd7+ Qxd7 13.O-O Bd6 14.Qe2 
O-O 15.c4 Nf6 16.Bg5 Qc7 17.h3 Be5 18.Na3 a6 19.Rac1 h6 20.Be3 Rad8 21.b4 
Ne4 22.c5 f5 23.Qc2 Bh2+ 24.Kh1 Bf4 25.Qb3 Rd5 26.Nc4 Rfd8 27.Rce1 Rd3 28.
Qc2 Bxe3 29.Rxe3 Rxe3 30.Nxe3 Rd2 31.Qc4 Nxf2+ 32.Kg1 Nxh3+ 33.Kh1 Qe5 34.
c6 bxc6 35.Nxf5 Nf2+ 36.Rxf2 Rxf2 37.Ne7+ Kf7 38.Nxc6 Qd5 0-1

[Event "First Lady's Cup"]
[Site "Surakarta/Denpasar INA"]
[Date "1982.02.28"]
[Round "16"]
[White "Spasov, Luben"]
[Black "Kurajica, Bojan"]
[Result "1/2-1/2"]
[WhiteElo "2410"]
[BlackElo "2510"]
[EventDate "1982.02.10"]
[PlyCount "29"]

1.Nf3 Nf6 2.c4 e6 3.d4 b6 4.g3 Bb7 5.Bg2 Be7 6.O-O O-O 7.Nc3 Ne4 8.Nxe4 
Bxe4 9.Ne1 Bxg2 10.Nxg2 d5 11.Qa4 Qd7 12.Qxd7 Nxd7 13.cxd5 exd5 14.Nf4 Nf6
15.Be3 1/2-1/2

[Event "First Lady's Cup"]
[Site "Surakarta/Denpasar INA"]
[Date "1982.02.28"]
[Round "16"]
[White "Suradiradja, Herman"]
[Black "Matanovic, Aleksandar"]
[Result "1/2-1/2"]
[WhiteElo "2380"]
[BlackElo "2495"]
[EventDate "1982.02.10"]
[PlyCount "27"]

1.e4 e5 2.Nf3 Nc6 3.Bb5 a6 4.Ba4 Nf6 5.d4 exd4 6.O-O Be7 7.Re1 b5 8.e5 
Nxe5 9.Rxe5 d6 10.Re1 bxa4 11.Nxd4 Bd7 12.Qf3 O-O 13.Nc6 Bxc6 14.Qxc6 
1/2-1/2

[Event "First Lady's Cup"]
[Site "Surakarta/Denpasar INA"]
[Date "1982.03.01"]
[Round "17"]
[White "Sampouw, Jacobus Sawandar"]
[Black "Hort, Vlastimil"]
[Result "0-1"]
[WhiteElo "2305"]
[BlackElo "2590"]
[EventDate "1982.02.10"]
[PlyCount "66"]

1.e4 Nf6 2.e5 Nd5 3.d4 d6 4.c4 Nb6 5.exd6 exd6 6.Nc3 Be7 7.Bd3 Nc6 8.Be3 
Bf6 9.Nf3 O-O 10.a3 Bg4 11.Ne2 Re8 12.Qc2 Bxf3 13.gxf3 Nxd4 14.Nxd4 Bxd4 
15.Bxh7+ Kh8 16.O-O-O Bxe3+ 17.fxe3 Qf6 18.Be4 c6 19.Kb1 Re5 20.Rhg1 d5 
21.Bd3 Rxe3 22.Rg3 Rae8 23.c5 Nd7 24.Rh3+ Kg8 25.Bh7+ Kf8 26.Be4 g6 27.Qd2
R8xe4 28.fxe4 Rxh3 29.exd5 Qf5+ 30.Ka1 cxd5 31.Qa5 Kg7 32.Qc7 Rf3 33.Qxb7 
Nxc5 0-1

[Event "First Lady's Cup"]
[Site "Surakarta/Denpasar INA"]
[Date "1982.03.01"]
[Round "17"]
[White "Christiansen, Larry"]
[Black "Keene, Raymond Dennis"]
[Result "1/2-1/2"]
[WhiteElo "2585"]
[BlackElo "2505"]
[EventDate "1982.02.10"]
[PlyCount "33"]

1.e4 g6 2.d4 Bg7 3.Nc3 d6 4.f4 Nf6 5.Nf3 O-O 6.Bd3 Na6 7.f5 c5 8.fxg6 hxg6
9.d5 Nc7 10.a4 Bg4 11.O-O Nd7 12.Bf4 Ne5 13.Bxe5 Bxe5 14.Qd2 Bxf3 15.Rxf3 
Kg7 16.Raf1 f6 17.Nd1 1/2-1/2

[Event "First Lady's Cup"]
[Site "Surakarta/Denpasar INA"]
[Date "1982.03.01"]
[Round "17"]
[White "Gheorghiu, Florin"]
[Black "Sosonko, Gennadi"]
[Result "1/2-1/2"]
[WhiteElo "2550"]
[BlackElo "2580"]
[EventDate "1982.02.10"]
[PlyCount "30"]

1.c4 e5 2.Nc3 Nf6 3.Nf3 Nc6 4.d4 exd4 5.Nxd4 Bb4 6.Bg5 h6 7.Bh4 Bxc3+ 8.
bxc3 O-O 9.f3 Ne5 10.e4 Ng6 11.Bf2 d6 12.Be2 Re8 13.O-O Bd7 14.Re1 b6 15.
Bf1 Ne5 1/2-1/2

[Event "First Lady's Cup"]
[Site "Surakarta/Denpasar INA"]
[Date "1982.03.01"]
[Round "17"]
[White "Csom, Istvan"]
[Black "Suttles, Duncan"]
[Result "1-0"]
[WhiteElo "2505"]
[BlackElo "2475"]
[EventDate "1982.02.10"]
[PlyCount "97"]

1.d4 d6 2.c4 e5 3.Nc3 Nc6 4.d5 Nce7 5.g3 f5 6.Nf3 Nf6 7.Bg2 c5 8.Ng5 a6 9.
e4 Rb8 10.O-O h6 11.Ne6 Bxe6 12.dxe6 fxe4 13.Bxe4 Nc6 14.Nd5 Qc8 15.Nxf6+ 
gxf6 16.Qh5+ Kd8 17.Qf7 Be7 18.Bxc6 Qxc6 19.Rd1 Qe8 20.Qg7 h5 21.Be3 Rc8 
22.b4 b6 23.bxc5 bxc5 24.Rab1 Rg8 25.Qh7 Qg6 26.Qxg6 Rxg6 27.f4 f5 28.fxe5
Rxe6 29.Bf4 Rc6 30.Rd5 Kc7 31.exd6+ Bxd6 32.Rxd6 Rcxd6 33.Rd1 Kc6 34.Bxd6 
Rxd6 35.Rxd6+ Kxd6 36.Kf2 a5 37.Kf3 Ke5 38.Ke3 a4 39.a3 Ke6 40.Kf4 Kf6 41.
h4 Ke6 42.Kg5 Ke5 43.Kxh5 Kd4 44.Kg6 Kxc4 45.h5 Kb3 46.h6 c4 47.h7 c3 48.
h8=Q c2 49.Qa1 1-0

[Event "First Lady's Cup"]
[Site "Surakarta/Denpasar INA"]
[Date "1982.03.01"]
[Round "17"]
[White "Miles, Anthony John"]
[Black "Chandler, Murray Graham"]
[Result "1-0"]
[WhiteElo "2575"]
[BlackElo "2470"]
[EventDate "1982.02.10"]
[PlyCount "61"]

1.e4 c5 2.Nf3 e6 3.Nc3 Nc6 4.Bb5 Nge7 5.O-O a6 6.Bxc6 Nxc6 7.d4 cxd4 8.
Nxd4 d6 9.Re1 Bd7 10.Nxc6 Bxc6 11.Qg4 g6 12.Nd5 Be7 13.Bh6 Rg8 14.Rad1 
Bxd5 15.exd5 e5 16.Qb4 g5 17.h4 f6 18.h5 Qd7 19.Rd3 f5 20.Rb3 Rb8 21.Rf3 
Rc8 22.Rb3 Rc7 23.Ree3 Kf7 24.Rf3 Bf6 25.Rxf5 Qxf5 26.Rf3 Qd7 27.Qe4 Ke8 
28.Rxf6 Kd8 29.Bf8 Qb5 30.Bxd6 Rd7 31.Qxe5 1-0

[Event "First Lady's Cup"]
[Site "Surakarta/Denpasar INA"]
[Date "1982.03.01"]
[Round "17"]
[White "Matanovic, Aleksandar"]
[Black "Browne, Walter Shawn"]
[Result "1/2-1/2"]
[WhiteElo "2495"]
[BlackElo "2585"]
[EventDate "1982.02.10"]
[PlyCount "27"]

1.e4 c5 2.Nf3 d6 3.Nc3 Nf6 4.d4 cxd4 5.Nxd4 a6 6.a4 e6 7.Be2 Be7 8.O-O Nc6
9.Kh1 O-O 10.f4 Qc7 11.Be3 Re8 12.Nb3 b6 13.Bf3 Rb8 14.g4 1/2-1/2

[Event "First Lady's Cup"]
[Site "Surakarta/Denpasar INA"]
[Date "1982.03.01"]
[Round "17"]
[White "Hulak, Krunoslav"]
[Black "Maninang, Jesus Rafael"]
[Result "1/2-1/2"]
[WhiteElo "2490"]
[BlackElo "2385"]
[EventDate "1982.02.10"]
[PlyCount "150"]

1.e4 c5 2.Nc3 Nc6 3.Nf3 e5 4.Bc4 Be7 5.d3 d6 6.Nd5 Nf6 7.Nxe7 Qxe7 8.c3 h6
9.a3 Be6 10.Bxe6 Qxe6 11.O-O O-O 12.b4 Rfd8 13.b5 Ne7 14.c4 Ng6 15.Ne1 Nd7
16.Qf3 Rf8 17.Nc2 Ne7 18.Ne3 Rab8 19.g4 g5 20.Nf5 Nxf5 21.gxf5 Qf6 22.Kh1 
Kh7 23.Rg1 Rg8 24.Qh5 Rg7 25.Rg3 Rh8 26.Bd2 Kg8 27.Rag1 Rhh7 28.a4 Qe7 29.
Qd1 f6 30.h4 Qf7 31.R1g2 Nf8 32.Rh2 Qd7 33.Be3 Qe7 34.Qd2 Qd8 35.Rhg2 Kh8 
36.Kg1 Kg8 37.Kf1 Kf7 38.Rh2 Kg8 39.Qc3 Nd7 40.Bd2 Nf8 41.Rgh3 Nd7 42.Ke2 
Nf8 43.Kd1 Kh8 44.Qa5 Qxa5 45.Bxa5 Rd7 46.Ke2 Kg8 47.Kf3 Kg7 48.Rh1 Kg8 
49.R3h2 Kg7 50.Kg4 h5+ 51.Kf3 g4+ 52.Ke2 Kg8 53.Rg2 Rhg7 54.Rg3 Kh7 55.
Rhg1 Rg8 56.Kf1 Rgg7 57.f3 b6 58.Be1 gxf3 59.Rxf3 Rxg1+ 60.Kxg1 Rg7+ 61.
Kf1 Nd7 62.a5 Nb8 63.Rf2 Rb7 64.Ra2 Kg8 65.Bd2 Kg7 66.Be3 Kh7 67.Ke1 Rg7 
68.Kf2 Rb7 69.Kg3 Rg7+ 70.Kh3 Rb7 71.Bg5 Kg7 72.axb6 axb6 73.Ra8 Kf7 74.
Bh6 Nd7 75.Rd8 Ra7 1/2-1/2

[Event "First Lady's Cup"]
[Site "Surakarta/Denpasar INA"]
[Date "1982.03.01"]
[Round "17"]
[White "Bellon Lopez, Juan Manuel"]
[Black "Ardiansyah"]
[Result "0-1"]
[WhiteElo "2400"]
[BlackElo "2395"]
[EventDate "1982.02.10"]
[PlyCount "84"]

1.e4 c5 2.Nf3 d6 3.d4 cxd4 4.Nxd4 Nf6 5.Nc3 a6 6.f4 g6 7.Be2 Bg7 8.O-O O-O
9.Nb3 Nc6 10.Be3 Bd7 11.g4 b5 12.g5 Ne8 13.f5 Be5 14.Qe1 e6 15.f6 Nb4 16.
Rc1 Rc8 17.Nd4 Nc6 18.Nf3 Bxc3 19.bxc3 e5 20.Qh4 Qa5 21.Bd2 Qa4 22.Rce1 
Qxc2 23.Bd1 Qxa2 24.Qh6 b4 25.Rf2 bxc3 26.Bxc3 Qc4 27.Bb2 Nb4 28.Nd2 Qd3 
29.Nf3 Qc4 30.Bxe5 dxe5 31.Nxe5 Qd4 32.Nxg6 hxg6 33.Bb3 Rc4 34.Bxc4 Qxc4 
35.Rf4 Qc3 36.Re2 Qc1+ 37.Rf1 Qc5+ 38.Kg2 Bb5 39.Rd1 Qc8 40.Red2 Qg4+ 41.
Kf2 Qf4+ 42.Kg1 Qe3+ 0-1

[Event "First Lady's Cup"]
[Site "Surakarta/Denpasar INA"]
[Date "1982.03.01"]
[Round "17"]
[White "Gunawan, Ronny"]
[Black "Handoko, Edhi"]
[Result "1/2-1/2"]
[WhiteElo "2345"]
[BlackElo "2370"]
[EventDate "1982.02.10"]
[PlyCount "82"]

1.e4 c5 2.Nf3 d6 3.c3 Nf6 4.Bd3 Nc6 5.h3 g6 6.Bc2 Bg7 7.d4 cxd4 8.cxd4 O-O
9.Nc3 a6 10.O-O b5 11.a3 Bb7 12.b4 Rc8 13.Bb2 Nd7 14.Bb3 Nb6 15.Qd2 Nb8 
16.Rfe1 Nc4 17.Bxc4 Rxc4 18.Nd1 Qc7 19.Ne3 Bh6 20.Qe2 Bxe3 21.Qxe3 e6 22.
Rac1 Rc8 23.h4 Qe7 24.Rxc4 Rxc4 25.h5 Nd7 26.hxg6 hxg6 27.Qh6 Nf8 28.Bc1 
f6 29.Qh4 g5 30.Qg4 Bc8 31.Qg3 e5 32.Be3 Ne6 33.dxe5 dxe5 34.Nd2 Rc3 35.
Nb1 Rc2 36.Qf3 Kg7 37.Rd1 Qc7 38.Qh5 Qf7 39.Qf3 Qc7 40.Qh5 Qf7 41.Qf3 Qc7 
1/2-1/2

[Event "First Lady's Cup"]
[Site "Surakarta/Denpasar INA"]
[Date "1982.03.01"]
[Round "17"]
[White "Henley, Ronald Watson"]
[Black "Spasov, Luben"]
[Result "1/2-1/2"]
[WhiteElo "2460"]
[BlackElo "2410"]
[EventDate "1982.02.10"]
[PlyCount "25"]

1.d4 e6 2.c4 Nf6 3.Nc3 Bb4 4.e3 O-O 5.Ne2 d5 6.a3 Be7 7.Nf4 c6 8.cxd5 exd5
9.Bd3 Re8 10.Nh5 Nbd7 11.Nxf6+ Nxf6 12.Qc2 Be6 13.Na4 1/2-1/2

[Event "First Lady's Cup"]
[Site "Surakarta/Denpasar INA"]
[Date "1982.03.01"]
[Round "17"]
[White "Radulov, Ivan"]
[Black "Suradiradja, Herman"]
[Result "1/2-1/2"]
[WhiteElo "2505"]
[BlackElo "2380"]
[EventDate "1982.02.10"]
[PlyCount "32"]

1.e4 e5 2.Nf3 Nc6 3.Bb5 a6 4.Ba4 Nf6 5.O-O Nxe4 6.d4 b5 7.Bb3 d5 8.dxe5 
Be6 9.c3 Bc5 10.Nbd2 O-O 11.Bc2 Bf5 12.Nb3 Bg6 13.Nxc5 Nxc5 14.Bxg6 hxg6 
15.Be3 Ne6 16.Qd2 Qd7 1/2-1/2

[Event "First Lady's Cup"]
[Site "Surakarta/Denpasar INA"]
[Date "1982.03.01"]
[Round "17"]
[White "Rodriguez Vargas, Orestes"]
[Black "Bachtiar, Arovah"]
[Result "1/2-1/2"]
[WhiteElo "2430"]
[BlackElo "2360"]
[EventDate "1982.02.10"]
[PlyCount "86"]

1.d4 Nf6 2.Nf3 e6 3.Bg5 Be7 4.c4 O-O 5.Nc3 d5 6.e3 Ne4 7.Bxe7 Qxe7 8.Bd3 
f5 9.O-O c6 10.Ne5 Nd7 11.f4 Nxe5 12.fxe5 Bd7 13.Bxe4 fxe4 14.a3 b5 15.c5 
a5 16.Qe2 Rxf1+ 17.Rxf1 Bc8 18.Rf4 Rb8 19.h4 Bd7 20.Qf2 Be8 21.Kh2 Bg6 22.
Ne2 h5 23.Qg3 Bf5 24.Rf2 Kh7 25.Nf4 g6 26.b3 b4 27.axb4 Rxb4 28.Ra2 Qd8 
29.Ra3 Bg4 30.Nh3 Bxh3 31.Qxh3 Rb7 32.Qg3 Qe7 33.Rxa5 Rxb3 34.Ra2 Rb8 35.
Rf2 Rf8 36.Rf4 Rxf4 37.Qxf4 Kg7 38.Kg3 Qd8 39.Kh3 Qe7 40.g4 hxg4+ 41.Kxg4 
Qf7 42.Qxf7+ Kxf7 43.Kf4 Kg8 1/2-1/2

[Event "First Lady's Cup"]
[Site "Surakarta/Denpasar INA"]
[Date "1982.03.02"]
[Round "18"]
[White "Chandler, Murray Graham"]
[Black "Keene, Raymond Dennis"]
[Result "1-0"]
[WhiteElo "2470"]
[BlackElo "2505"]
[EventDate "1982.02.10"]
[PlyCount "69"]

1.e4 g6 2.d4 Bg7 3.Nc3 d6 4.f4 Nc6 5.Be3 Nf6 6.Nf3 O-O 7.Qd2 Bg4 8.O-O-O 
e5 9.fxe5 dxe5 10.dxe5 Qxd2+ 11.Rxd2 Nd7 12.Nd5 Ncxe5 13.Nxc7 Nxf3 14.gxf3
Bxf3 15.Nxa8 Bxh1 16.Rxd7 Rxa8 17.Rxb7 Bxe4 18.Rxa7 Rc8 19.c3 f5 20.a4 Be5
21.Ba6 Rc7 22.Rxc7 Bxc7 23.h3 Bg2 24.b4 f4 25.Bc4+ Kf8 26.Bc5+ Ke8 27.a5 
g5 28.a6 h5 29.Be2 g4 30.hxg4 h4 31.a7 Kf7 32.Bf1 Ba8 33.b5 Kg6 34.b6 Be5 
35.Ba6 1-0

[Event "First Lady's Cup"]
[Site "Surakarta/Denpasar INA"]
[Date "1982.03.02"]
[Round "18"]
[White "Hort, Vlastimil"]
[Black "Christiansen, Larry"]
[Result "1/2-1/2"]
[WhiteElo "2590"]
[BlackElo "2585"]
[EventDate "1982.02.10"]
[PlyCount "47"]

1.d4 Nf6 2.c4 e6 3.Nc3 Bb4 4.e3 c5 5.Nf3 O-O 6.Bd3 d5 7.O-O dxc4 8.Bxc4 
Nbd7 9.Qe2 a6 10.a3 cxd4 11.exd4 Bxc3 12.bxc3 b5 13.Bd3 Bb7 14.a4 Qc7 15.
Bd2 bxa4 16.Rxa4 Rfd8 17.Rfa1 Nb6 18.Ra5 Rd5 19.Ne5 Nbd7 20.Nc4 Re8 21.h3 
h6 22.Qe1 Qc6 23.Bf1 Qc7 24.Bd3 1/2-1/2

[Event "First Lady's Cup"]
[Site "Surakarta/Denpasar INA"]
[Date "1982.03.02"]
[Round "18"]
[White "Sosonko, Gennadi"]
[Black "Csom, Istvan"]
[Result "1-0"]
[WhiteElo "2580"]
[BlackElo "2505"]
[EventDate "1982.02.10"]
[PlyCount "85"]

1.d4 Nf6 2.c4 e6 3.g3 Bb4+ 4.Bd2 Qe7 5.Nf3 O-O 6.Bg2 Bxd2+ 7.Qxd2 d6 8.Nc3
e5 9.O-O Re8 10.Rac1 h6 11.Nd5 Nxd5 12.cxd5 e4 13.Ne1 c6 14.dxc6 bxc6 15.
Rc3 d5 16.f3 f5 17.Nc2 a5 18.Bh3 Ra7 19.Qf4 Rb7 20.b3 g5 21.Qd2 Bd7 22.
fxe4 fxe4 23.Bxd7 Qxd7 24.Ne3 Rf8 25.Rxf8+ Kxf8 26.Rc1 Qd8 27.Nf5 Rh7 28.
Rc5 Ra7 29.Nxh6 a4 30.b4 Rb7 31.a3 Rh7 32.Nf5 Rd7 33.g4 Rb7 34.Rc1 Qf6 35.
Qe3 Kg8 36.Rf1 Rh7 37.Ng3 Qe7 38.Rf5 Rg7 39.Re5 Qd8 40.Nf5 Nd7 41.Re6 Rh7 
42.Rxc6 Nf8 43.Qc1 1-0

[Event "First Lady's Cup"]
[Site "Surakarta/Denpasar INA"]
[Date "1982.03.02"]
[Round "18"]
[White "Spasov, Luben"]
[Black "Bellon Lopez, Juan Manuel"]
[Result "1-0"]
[WhiteElo "2410"]
[BlackElo "2400"]
[EventDate "1982.02.10"]
[PlyCount "81"]

1.d4 Nf6 2.c4 c5 3.d5 b5 4.cxb5 a6 5.bxa6 g6 6.g3 Bg7 7.Bg2 d6 8.Nh3 Nxa6 
9.O-O Qb6 10.Nc3 O-O 11.Nf4 Nd7 12.Ne6 fxe6 13.dxe6 Bb7 14.exd7 Bxc3 15.
Bd5+ Kg7 16.bxc3 Bxd5 17.Qxd5 Ra7 18.Qe6 Qd8 19.c4 Rf7 20.Bh6+ Kg8 21.Rfb1
Nb4 22.a3 Nc6 23.Qe4 Ne5 24.Rb3 Nxd7 25.Rab1 Rc7 26.a4 Rc8 27.Qe6 Ra8 28.
a5 Nf8 29.Bxf8 Kxf8 30.a6 Qa5 31.Rf3 Rxf3 32.exf3 Qxa6 33.Re1 Qb7 34.Re4 
Kg7 35.h4 Rf8 36.Qxe7+ Qxe7 37.Rxe7+ Kf6 38.Rxh7 Rb8 39.h5 Rb4 40.Rh6 Rxc4
41.Rxg6+ 1-0